000 00563nam a22000977a 4500
999 _c2798
_d2798
008 180702b ||||| |||| 00| 0 eng d
100 _aShelley, Ronald
245 _aFranco Spain and her European Neighbours
260 _aWandsworth, England
_bSpanish Civil War Study Group
_c1964
650 _aSpain -- History -- Civil War, 1936-1939 | Spanish Civil War | Spain | Military Conflicts | Postal History | 1936-1940 | Military Mail | Censored Mail | Prisoner-of-War and Internee Mail | Postal Markings | Europe | France | Italy | Germany | Great Britain | Ireland | Portugal